Estadísticas para Prueba de Liechtenstein

Haz click aquí para tomar la prueba!

Estadísticas generales

  • Esta prueba ha sido tomada 544 veces
  • La puntuación promedio es 10 de 15

Estadísticas de respuestas

PreguntaRespuesta% Correcto
Países limítrofesSuiza
98%
Idioma oficialAlemán
96%
Países limítrofesAustria
95%
CapitalVaduz
93%
Cordillera en la que se encuentra LiechtensteinAlpes
89%
Tipo de personas que no pudieron votar en Liechtenstein hasta 1984Mujeres
83%
Liechtenstein es el segundo país más ___ del mundo, sólo superado por Mónaco.Rico
79%
Al igual que Mónaco y Andorra, el monarca de Liechtenstein tiene este títuloPríncipe
65%
Moneda de LiechtensteinFranco
59%
Liechtenstein y Uzbekistán son los únicos países que están doblemente __ _____,
lo que significa que todos los países con los que tienen frontera también están __ _____.
Sin litoral
57%
Imperio del que Liechtenstein formó parte antes de 1805Sacro Imperio
Romano Germánico
51%
El río que forma la frontera occidental de LiechtensteinRin
46%
Actual monarca{Juan} Adán II
36%
El monarca de Liechtenstein tiene el poder de ____ cualquier legislaciónVetar
32%
El municipio más pobladoSchaan
22%

Distribución de puntuación

Porcentaje por número respondido

Porcentaje de gente con cada puntuación

Historial de tus puntuaciones

No has tomado esta prueba